000 00692nas a2200241 4500
001 BR7701353
003 BR-BrBNA
005 20231205083126.0
007 ta
008 230509b bl.|||p| |||| 00| 00por d
040 _aBR-BrBNA
_bpor
_cBiblioteca Nacional de Agricultura
041 _a(Pt)
072 _aL10
100 1 _aToledo, V.
100 1 _aFerrari, I.
245 1 _aVariacao da tecnica de esmagamento para estudo cromossomico em peixes
650 _aCITOGENETICA ANIMAL
650 _aPEIXE
650 _aCROMOSSOMA
773 0 _tCientifica (Brazil)
_xISSN 0100-0039
_g(1976), v. 4(2) p. 152-155
_wBR7701353
909 _a202311
_bLúcia
_c55
_dLúcia Elande
942 _2AGRIS
_n0
_cANA
999 _c96577
_d96577